000 00630nam a2200229Ia 4500
003 OSt
005 20221007071335.0
006 a|||||r|||| 00| 0
007 ta
008 221006b |||||||| |||| 00| 0 eng d
024 _a17,157
037 _cTextual
040 _aFLL
_cFLL
_beng
041 _2eng
_aeng
082 _aXM5:(Z72).N7, K7
100 _aZiegel J.S. Au.
_9688561
245 0 _aEtudes sur le droit canadien des compagnies
260 _aLondon
_bButterworths England
_c1967
300 _a717p
_ccm.
942 _hXM5:(Z72).N7, K7
_cTEXL
_2CC
999 _c1143110
_d1143110